| 000 | 00404nam a2200169Ia 4500 | ||
|---|---|---|---|
| 005 | 20240604015529.0 | ||
| 008 | 240331s9999 xx 000 0 und d | ||
| 082 |
_bGHI _a365 |
||
| 100 | _aGhimire, D | ||
| 245 | 0 |
_aStaying alive : _bmemories of women in prison |
|
| 250 | _a1 st | ||
| 260 |
_aKathmandu _bJagdish Ghimire _c2000 |
||
| 300 | _a148 | ||
| 650 | _aWomen | ||
| 650 | _aCriminal | ||
| 942 | _cL | ||
| 999 |
_c2941 _d2941 |
||